Loading...
| Current Events | 2 | 15.00 | 100% | 50% | 0% |
| Fine Arts - Classical Music | 6 | 20.00 | 100% | 83% | 17% |
| Fine Arts - Other Fine Arts | 9 | 17.78 | 100% | 56% | 22% |
| Geography | 3 | 20.00 | 100% | 67% | 33% |
| History - American History | 6 | 16.67 | 100% | 50% | 17% |
| History - European History | 4 | 30.00 | 100% | 100% | 100% |
| History - Other History | 6 | 18.33 | 100% | 67% | 17% |
| History - World History | 4 | 22.50 | 100% | 100% | 25% |
| Literature - American Literature | 8 | 17.50 | 100% | 63% | 13% |
| Literature - British Literature | 5 | 20.00 | 100% | 60% | 40% |
| Literature - European Literature | 4 | 25.00 | 100% | 100% | 50% |
| Literature - World Literature | 7 | 18.57 | 86% | 86% | 14% |
| Mythology | 7 | 18.57 | 71% | 86% | 29% |
| Painting/Sculpture | 6 | 23.33 | 100% | 83% | 50% |
| Philosophy | 5 | 20.00 | 100% | 100% | 0% |
| Pop Culture | 4 | 22.50 | 75% | 100% | 50% |
| Religion | 4 | 15.00 | 100% | 50% | 0% |
| Science - Biology | 6 | 26.67 | 100% | 100% | 67% |
| Science - Chemistry | 7 | 21.43 | 100% | 86% | 29% |
| Science - Other Science | 7 | 14.29 | 100% | 29% | 14% |
| Science - Physics | 5 | 18.00 | 100% | 60% | 20% |
| Social Science | 4 | 20.00 | 100% | 75% | 25% |